000 00305nam a2200121 a 4500
008 101209s2005|||| d
100 1 _aRipka, I.
245 1 0 _aPríručka slovenského pravopisu pre školy a prax
260 _bCesty
_aBratislava
_c2005
020 _c299
041 _aslo
044 _axo
_cSK
999 _c15039
_d15039